书目信息 |
| 题名: |
全国硕士研究生入学统一考试高等数学辅导教材
|
|
| 作者: | 黄庆怀 主编 | |
| 分册: | ||
| 出版信息: | 北京 北京航空航天大学出版社 2010.02 |
|
| 页数: | 369页 | |
| 开本: | 20cm | |
| 丛书名: | ||
| 单 册: | ||
| 中图分类: | O13 | |
| 科图分类: | ||
| 主题词: | 高等数学 | |
| 电子资源: | ||
| ISBN: | 978-7-81124-986-6 | |
| 000 | 00679nam0 2200193 450 | |
| 001 | 1159493518 | |
| 005 | 20110617143500.28 | |
| 010 | @a978-7-81124-986-6@dCNY39.00 | |
| 100 | @a20110613d2010 km y0chiy0120 ea | |
| 101 | 0 | @achi |
| 102 | @aCN@b110000 | |
| 200 | 1 | @a全国硕士研究生入学统一考试高等数学辅导教材@Aquan guo shuo shi yan jiu sheng ru xue tong yi kao shi gao deng shu xue fu dao jiao cai@f黄庆怀主编@Fhuang qing huai zhu bian |
| 210 | @a北京@c北京航空航天大学出版社@d2010.02 | |
| 215 | @a369页@d20cm | |
| 606 | 0 | @a高等数学 |
| 690 | @aO13@v4 | |
| 701 | 0 | @a黄庆怀@Ahuang qing huai@4主编 |
| 801 | 0 | @aCN@b大连网信软件有限公司图书馆·11@c20110617 |
| 905 | @aZUCC@dO13@eH8701 | |
| 全国硕士研究生入学统一考试高等数学辅导教材/黄庆怀主编.-北京:北京航空航天大学出版社,2010.02 |
| 369页;20cm |
| ISBN 978-7-81124-986-6:CNY39.00 |
| ● |
| 相关链接 |
|
|
|
正题名:全国硕士研究生入学统一考试高等数学辅导教
索取号:O13/H8701
 
预约/预借
| 序号 | 登录号 | 条形码 | 馆藏地/架位号 | 状态 | 备注 |
| 1 | 466068 | 204660688 | 自科库401/401自科库 106排4列6层/ [索取号:O13/H8701] | 在馆 |